FOREST MENSURATION AND BIOMETRY (Record no. 8199)

MARC details
000 -LEADER
fixed length control field 00454nam a22001817a 4500
005 - DATE AND TIME OF LATEST TRANSACTION
control field 20230128115602.0
008 - FIXED-LENGTH DATA ELEMENTS--GENERAL INFORMATION
fixed length control field 230125b |||||||| |||| 00| 0 eng d
020 ## - INTERNATIONAL STANDARD BOOK NUMBER
ISBN 81-58933-235
041 ## - LANGUAGE CODE
Language code of text/sound track or separate title eng
082 ## - DEWEY DECIMAL CLASSIFICATION NUMBER
Classification number 634.9 KHA-F
100 ## - MAIN ENTRY--AUTHOR NAME
Personal name KHANNA,L.S AND CHATURVEDI A.N
245 ## - TITLE STATEMENT
Title FOREST MENSURATION AND BIOMETRY
250 ## - EDITION STATEMENT
Edition statement 8th ed.
260 ## - PUBLICATION, DISTRIBUTION, ETC. (IMPRINT)
Name of publisher KHANNA BHANDHU
Year of publication 2022
300 ## - PHYSICAL DESCRIPTION
Number of Pages 364;P.
650 ## - SUBJECT ADDED ENTRY--TOPICAL TERM
Topical Term AGRICULTURE
942 ## - ADDED ENTRY ELEMENTS (KOHA)
Koha item type Books
Holdings
Lost status Damaged status Collection code Home library Current library Shelving location Date acquired Source of acquisition Cost, normal purchase price Full call number Accession Number Koha item type
    Reference JRU Library JRU Library SHELF-43-B 20/01/2023 LOHIA BOOK INTERNATIONAL 1495.00 634.9 KHA-F 27306 Books